000 00902nam a2200253 a 4500
999 _c12334
_d12334
001 12334
003 BD-JhCC
005 20211101082850.0
008 211101b2019 bg |||| ||a| 001 0 Ben d
020 _a9789849360988
035 _a(BD-JhCC)12334
040 _aBD-JhCC
_dBD-JhCC
041 _aBengali
082 _a297.573
_bLAN 2019
100 _aল্যাং, ড. জেফরি
245 _aআত্মসমর্পণের দ্বন্দ্ব /
_cড. জেফরি ল্যাং, ড. আবু খলদুন আল-মাহমুদ ।
260 _aঢাকা:
_bএকাডেমিয়া পাবলিশার্স লিমিটেড;
_c২০১৯.
300 _a278 p. :
_c22 cm.
650 _aMuslim convert
650 _aUnited state
700 _aআল-মাহমুদ,ড. আবু খলদুন
942 _2ddc
_cBK